000 00415nam a22001697a 4500
020 _a91-7556-140-8
082 _a510
_bGOY/A
100 _aGOYAL,J.K
100 _aGUPTA, K.P
245 _aADVANCED INTEGRALCALCULUS
_bMATHEMATICS
246 _aADVANCED INTEGRALCALCULUS
_bMATHEMATICS
260 _aMEERUT
_bPRAGATI PRAKASAN
_c2002
300 _a327
520 _aMATHEMATICS
650 _aMATHEMATICS
942 _cBK
999 _c1307
_d1307